Binomial, normal, and Poisson probabilities /

Bibliographic Details
Main Author: Smith, Ed Sinclair, 1897-
Format: Book
Language:English
Published: Bel Air, Md. : Smith, 1953.
Subjects:

MARC

Tag First Indicator Second Indicator Subfields
LEADER 00000cam a2200000 a 4500
001 in00000079076
005 20151008055222.0
008 790108s1953 mdu b 00010 eng c
010 |a a 55001109  
035 |a (OCoLC)04533154 
035 |9 AAJ2863AM 
040 |a North Carolina. Univ. Library  |c NRC  |d TXA  |d UtOrBLW 
049 |a TXAM  |c 1 [281675], 2 [284058] 
090 |a QA273  |b .S65 
100 1 |a Smith, Ed Sinclair,  |d 1897- 
245 1 0 |a Binomial, normal, and Poisson probabilities /  |c by Ed Sinclair Smith. 
264 1 |a Bel Air, Md. :  |b Smith,  |c 1953. 
300 |a 71 pages ;  |c 28 cm. 
336 |a text  |b txt  |2 rdacontent 
337 |a unmediated  |b n  |2 rdamedia 
338 |a volume  |b nc  |2 rdacarrier 
500 |a "Addenda" Dec. 1954, tipped in. 
504 |a Bibliography: pages 67-70. 
650 0 |a Probabilities. 
999 |a MARS 
999 f f |s 33dcbb6b-ebdb-3c31-8156-b0ff50c7fbe7  |i 438afa88-6a67-30f8-9b6c-8a33a34b1fa1  |t 0 
952 f f |p ric  |a Texas A&M University  |b Rellis Campus  |c Joint Library Facility  |s JLF  |d Remote Storage  |t 0  |e QA273 .S65  |h Library of Congress classification  |i unmediated -- volume  |m A14842271109 
998 f f |a QA273 .S65  |t 0  |l Remote Storage